<?xml version="1.0" encoding="UTF-8"?>
<record
    xmlns:xsi="http://www.w3.org/2001/XMLSchema-instance"
    xsi:schemaLocation="http://www.loc.gov/MARC21/slim http://www.loc.gov/standards/marcxml/schema/MARC21slim.xsd"
    xmlns="http://www.loc.gov/MARC21/slim">

  <leader>02529nam a2200325 u 4500</leader>
  <controlfield tag="001">000000414263</controlfield>
  <controlfield tag="003">IT-MiSPE</controlfield>
  <controlfield tag="005">20250328115719.0</controlfield>
  <controlfield tag="008">140710s2005    it            000 0 ita d</controlfield>
  <datafield tag="020" ind1=" " ind2=" ">
    <subfield code="a">9788845914713</subfield>
    <subfield code="c">40,00 &#x20AC;</subfield>
  </datafield>
  <datafield tag="040" ind1=" " ind2=" ">
    <subfield code="a">IT-MiSPE</subfield>
    <subfield code="b">ita</subfield>
    <subfield code="d">IT-MiSPE</subfield>
    <subfield code="c">IT-MiSPE</subfield>
  </datafield>
  <datafield tag="082" ind1=" " ind2=" ">
    <subfield code="a">182.3-HEI ma pa (ppv 23417)</subfield>
  </datafield>
  <datafield tag="100" ind1="1" ind2=" ">
    <subfield code="a">Heidegger, Martin,</subfield>
    <subfield code="d">1889-1976.</subfield>
    <subfield code="9">57150</subfield>
  </datafield>
  <datafield tag="240" ind1="1" ind2="0">
    <subfield code="a">Parmenides.</subfield>
    <subfield code="l">Italiano</subfield>
  </datafield>
  <datafield tag="245" ind1="1" ind2="0">
    <subfield code="a">Parmenide /</subfield>
    <subfield code="c">Martin Heidegger ; a cura di Manfred S. Frings ; edizione italiana a cura di Franco Volpi ; traduzione di Giovanni Gurisatti.</subfield>
  </datafield>
  <datafield tag="260" ind1=" " ind2=" ">
    <subfield code="a">Milano :</subfield>
    <subfield code="b">Adelphi,</subfield>
    <subfield code="c">c1999.</subfield>
  </datafield>
  <datafield tag="300" ind1=" " ind2=" ">
    <subfield code="a">297 p. ;</subfield>
    <subfield code="c">23 cm</subfield>
  </datafield>
  <datafield tag="490" ind1="1" ind2=" ">
    <subfield code="a">Biblioteca filosofica ;</subfield>
    <subfield code="v">017</subfield>
  </datafield>
  <datafield tag="500" ind1=" " ind2=" ">
    <subfield code="a">Tit. orig.: Parmenides</subfield>
  </datafield>
  <datafield tag="504" ind1=" " ind2=" ">
    <subfield code="a">Contiene riferimenti bibliografici</subfield>
  </datafield>
  <datafield tag="520" ind1=" " ind2=" ">
    <subfield code="a">In questo corso universitario, tenuto a Friburgo nel semestre invernale 1942/43, il nome di Parmenide sta per tutto ci&#xF2; che esso rappresenta: il pensiero aurorale dei greci quale inizio e fondamento della civilt&#xE0; occidentale. Prendendo le mosse da una serrata interpretazione del poema parmenideo Sulla natura, ed estraendone con magistrale sicurezza gli insegnamenti essenziali, Heidegger va ben oltre l&#x2019;esegesi del testo, e disvela uno scenario speculativo da cui emerge come allora siano apparse le parole-cardine di tutta la filosofia occidentale. Con altrettanta persuasivit&#xE0; egli mostra poi quali mutamenti epocali si siano prodotti allorch&#xE9; il lessico delle origini fu &#xAB;romanizzato&#xBB; e a termini come aletheia, mythos, logos, epos, polis, dike, praxis, theoria, theion subentrarono i concetti di veritas, ratio, imperium, iustitia, ecc. Heidegger orchestra cos&#xEC; una polifonia sorprendentemente ampia di motivi, in cui Parmenide diventa il pre-testo per trattare temi e problemi quali la verit&#xE0;, la giustizia, la politica, il divino, o per confrontarsi con pensatori come Schopenhauer, Nietzsche, Burckhardt, Spengler, o ancora per evocare poeti come Rilke e H&#xF6;lderlin &#x2013; sino a offrire en passant un&#x2019;interpretazione del celebre Dies irae, dies illa di Tommaso da Celano.</subfield>
  </datafield>
  <datafield tag="655" ind1=" " ind2="7">
    <subfield code="a">Filosofi di lingua tedesca posteriori al 1920</subfield>
    <subfield code="x">Heidegger Martin, 1889-1976.</subfield>
    <subfield code="9">57651</subfield>
  </datafield>
  <datafield tag="655" ind1=" " ind2="7">
    <subfield code="a">Filosofia greca e romana</subfield>
    <subfield code="x">Presocratici.</subfield>
    <subfield code="9">62029</subfield>
  </datafield>
  <datafield tag="700" ind1="1" ind2=" ">
    <subfield code="a">Frings, Manfred S.,</subfield>
    <subfield code="e">ed.</subfield>
    <subfield code="d">1925-2008</subfield>
    <subfield code="9">62030</subfield>
  </datafield>
  <datafield tag="700" ind1="1" ind2=" ">
    <subfield code="a">Volpi, Franco,</subfield>
    <subfield code="d">1952-2009,</subfield>
    <subfield code="e">ed.</subfield>
    <subfield code="9">62027</subfield>
  </datafield>
  <datafield tag="700" ind1="1" ind2=" ">
    <subfield code="a">Gurisatti, Giovanni,</subfield>
    <subfield code="d">1957-,</subfield>
    <subfield code="e">tr.</subfield>
    <subfield code="9">62023</subfield>
  </datafield>
  <datafield tag="830" ind1=" " ind2="0">
    <subfield code="a">Biblioteca filosofica [Adelphi] ;</subfield>
    <subfield code="v">017.</subfield>
    <subfield code="9">62028</subfield>
  </datafield>
  <datafield tag="942" ind1=" " ind2=" ">
    <subfield code="2">ddc</subfield>
    <subfield code="c">BK</subfield>
  </datafield>
  <datafield tag="999" ind1=" " ind2=" ">
    <subfield code="c">360479</subfield>
    <subfield code="d">360479</subfield>
  </datafield>
  <datafield tag="952" ind1=" " ind2=" ">
    <subfield code="0">0</subfield>
    <subfield code="1">0</subfield>
    <subfield code="2">ddc</subfield>
    <subfield code="4">0</subfield>
    <subfield code="6">182_000000000000000_3HEI_MA_PA_PPV_23417</subfield>
    <subfield code="7">1</subfield>
    <subfield code="a">CINISELLO</subfield>
    <subfield code="b">CINISELLO</subfield>
    <subfield code="d">2025-03-28</subfield>
    <subfield code="l">0</subfield>
    <subfield code="o">182.3-HEI ma pa (ppv 23417)</subfield>
    <subfield code="p">9788845914713</subfield>
    <subfield code="r">2025-03-28 11:57:51</subfield>
    <subfield code="w">2025-03-28</subfield>
    <subfield code="y">BK</subfield>
  </datafield>
</record>
